Varthamana pusthakam: (Record no. 181917)

000 -LEADER
fixed length control field 00475nam a2200169 4500
020 ## - INTERNATIONAL STANDARD BOOK NUMBER
ISBN 9788119911196
082 ## - DEWEY DECIMAL CLASSIFICATION NUMBER
Classification number M080 320 7
Item number JOS/V
100 ## - MAIN ENTRY--AUTHOR NAME
Personal name Jose George
245 ## - TITLE STATEMENT
Title Varthamana pusthakam:
Sub Title bahumanangal/
Statement of responsibility, etc by Jose George
260 ## - PUBLICATION, DISTRIBUTION, ETC. (IMPRINT)
Place of publication Kottayam:
Name of publisher Sahithya Pravarthaka Co-operative Society,
Year of publication 2024.
300 ## - PHYSICAL DESCRIPTION
Number of Pages 390p.
650 ## - SUBJECT ADDED ENTRY--TOPICAL TERM
Topical Term Varthamanapusthakam Study
650 ## - SUBJECT ADDED ENTRY--TOPICAL TERM
Topical Term Travelogue Study
650 ## - SUBJECT ADDED ENTRY--TOPICAL TERM
Topical Term Literature Malayalam
650 ## - SUBJECT ADDED ENTRY--TOPICAL TERM
Topical Term Literature
942 ## - ADDED ENTRY ELEMENTS (KOHA)
Koha item type Book
Holdings
Withdrawn status Lost status Damaged status Not for loan Permanent Location Current Location Shelving location Date acquired Cost, normal purchase price Full call number Accession Number Price effective from Koha item type
        Sree Sankaracharya University of Sanskrit Sree Sankaracharya University of Sanskrit Stacks 01.06.2026 550.00 M080 320 7 JOS/V 109159 01.06.2026 Book